[Event "Sinquefield Cup 3rd"]
[Site "Saint Louis"]
[Date "2015.08.23"]
[Round "1"]
[White "Giri, Anish"]
[Black "Grischuk, Alexander"]
[Result "1-0"]
[WhiteElo "2793"]
[BlackElo "2771"]
[Annotator "Marin,M"]
[PlyCount "67"]
[EventDate "2015.08.23"]
[EventType "tourn"]
[EventRounds "9"]
[EventCountry "USA"]
[EventCategory "22"]
[SourceTitle "CBM 168"]
[Source "ChessBase"]
[SourceDate "2015.09.14"]
[SourceVersion "1"]
[SourceVersionDate "2015.09.14"]
[SourceQuality "1"]

1. Nf3 d5 2. d4 Nf6 3. c4 e6 4. g3 Bb4+ 5. Bd2 Be7 6. Bg2 O-O 7. O-O Nbd7 8.
Qc2 c6 9. Rd1 b6 10. Bf4 Ba6 11. b3 Rc8 12. Nc3 dxc4 13. e4 {This is one of
the most complex Catalan tabiyas. Black has won a pawn, but the strong enemy
centre is not his only problem. In fact, the c4-pwn is kind of trapped, since .
..cxb3 axb3 would retrieve the a7-pawn (...Nb8 loses a piece to Bxb8). But at
the same time for White it is by no means easy to win retrieve the pawn, since
he has to keep his optimal mobilization in order to prevent the counterplay of
the well coordinated black army. And the same applies for Black: he cannot do
much to ensure a clear extra pawn. All these require very subtle manoeuvring
and it is not easy to spot the concrete consequences of any minor novelty.} Nh5
{Karpov,A (2725)-Kortschnoj,V (2665) World Championship 29th 1978 (32) 1-0
Grischuk spent a quarter of an hour on this move. Black agrees on wasting a
tempo to make sure the bishop leaves the h2-b8 diagonal. Time is not 100%
important in this position, as none of the players should rush defining his
plans, but I do not find much positiove in this manoeuvre. I unwillingly
remember the last and decisive game of the Baguio 1978 match when a similar
loss of time left Black without counterplay:} ({Black has tried many other
moves. The most original is} 13... Qe8 $5 {evacuating the dangerous d-file in
order to prepare a counterplay with ...e6-e5. Things did not go too well for
Black in a recent game, though:} 14. Nb1 $5 {One of the possible attempts of
retrieving the pawn as soon as possible.} (14. Qe2 Bb4 15. Rac1 Ba3 16. Rb1 Bb4
17. Bd2 c5 18. e5 cxd4 19. exf6 dxc3 $13) ({The main idea of Black's previous
move is revealed afetr} 14. Nd2 e5 15. dxe5 Ng4) 14... b5 15. bxc4 bxc4 16. Nc3
{This only apparently loses time. The black queen is passive on e8,
immobilizing the f8-rook at the same time, so ...Qd8 is to be expected soon,
leveling the tempi.} Bb4 (16... Qd8 17. Rab1 {would in fact transpose below to
13...b5.}) 17. Rab1 Bxc3 $6 18. Qxc3 Nxe4 19. Qa5 $16 {Cheparinov,I (2664)
-Sjugirov,S (2610) Plovdiv 2012 CBM 148 [Krasenkow,M] (0-1, 75). Black's two
extra pawns are a feeble consolation for his poor coordination.}) ({The
straightforward} 13... b5 14. bxc4 bxc4 {leads to the same structure as in the
game. Here is another recent game of Cheparinov:} 15. Rab1 Qa5 16. h3 {This is
a useful move, preventing all kind of ...Ng4 and ...e5 stuff and preparing a
slow space gain with g3-g4-g5 if anything else fails. As we will see, Giri
will get this tempo for free in the main game.} Rfd8 17. Bd2 Qc7 18. Bf4 Qa5
19. Re1 {The idea of this mysterious move is over-defending the e4-pawn, a
detail which will prove useful after a few moves.} Nf8 {Black has achieved a
dead end with his piece mobilization, being in some sort of Zugzwang. But
removing the knight from the centre is not a good idea.} ({A neutral move such
as} 19... h6 {would have been preferable.}) 20. Bd2 Qc7 21. Qa4 Bb5 22. Nxb5
cxb5 23. Rxb5 {Now is the moment when the e4-pawn needs protection.} c3 24. Bf4
Qd7 25. Qb3 Ng6 26. Bc1 Qc6 27. h4 $14 {The knight has wasted two tempi to
reach a vulnerable position, Cheparinov,I (2683)-Durarbayli,V (2630) Warsaw
2015 (1-0, 62)}) ({Black is not prepared for} 13... c5 14. d5 exd5 15. exd5 ({
Even stronger is} 15. e5 $1 d4 16. exf6 Nxf6 17. bxc4 Bxc4 18. Ne5 $16) 15...
Nh5 16. Be3 $14 {Izoria,Z (2565)-Balogh,C (2448) Dos Hermanas 2003 (1-0, 27)})
({During my live comments on Playchess.com, one spectator asked me what about} 
13... Ra8 {, defending a7 in order to make ...cxb3 a real threat. I could not
formulate a concrete answer, but said that removing the rook from the centre
releases the potential pressure allowing White higher freedom. Here is one
possible way to take advantage of this:} 14. Qe2 {(It is useful to compare
this line with the similar one arising after 13...Qe8 above.)} Bb4 15. Rac1 Ba3
16. Rb1 Bb4 17. Bd2 c5 18. e5 Bxc3 (18... cxd4 19. Nxd4 {[%csl Ra8,Gc6]} Bxc3
20. Bxc3 Nd5 21. Rbc1 Rc8 22. Ba1 $14 {[%cal Gb3c4]}) 19. exf6 Bxd2 20. fxg7
Kxg7 21. Nxd2 c3 22. Nc4 $36) 14. Be3 Nhf6 {Marin,M (2603)-Dobre,C (2358)
ROM-ch Calimanesti Caciulata 2015 (6) 1-0 Since this is a Catalan, I should
also mention a similar manoeuvre in a slightly different position as, for
instance, in} 15. h3 {With already known ideas.} b5 $6 {Played after another
long thought - 20 minutes. But I feel that after settling the queenside
structure the knight jumps turn into mere losses of time. Black should have
thought up a way of taking advantage there is no pressure along the h2-b8
diagonal anymore.} ({True,} 15... cxb3 $2 16. axb3 Nb8 {does not work out
properly:} 17. Bf4 Nfd7 {This is much too passive to be good.} 18. Ra2 {
[%cal Gd1a1]} Bb4 19. Rda1 c5 20. d5 Ba5 21. e5 $16) ({The thematic} 15... Bb4
$5 {is worth considering.} 16. Nd2 {Possibly premature.} Qe7 ({The critical
line is} 16... c5 $1 17. d5 exd5 18. exd5 Ne5 $1 {This takes full advantage of
the bishop's forced retreat to e3.} 19. f4 cxb3 20. axb3 Bd3 21. Qc1 Ned7 22.
Rxa7 c4 $132) 17. Nxc4 $6 (17. bxc4 $1 e5 18. f4 exd4 19. Bxd4 $14) 17... Bxc4
(17... Nd5 $1 18. Bd2 Bxc4 19. bxc4 Nxc3 20. Bxc3 Bxc3 21. Qxc3 e5 $11) 18.
bxc4 e5 19. Ne2 $16 {Zontakh,A (2539)-Demianjuk,A (2342) St Petersburg 2014 
(1-0, 54)}) 16. bxc4 bxc4 {Karpov,A (2725)-Gurevich,M (2630) URS-ch55 Moscow
1988 (11) 1-0 Black has sort of stabilized his extra pawn, but he remains
passive. The a6-bishop only plays the part of defending the pawn and he cannot
open the centre easily, since ...c6-c5 usually runs into d4-d5. At the same
time, the c3-knight enjoys perfect stability. But even though he has a
dominant position, White has no simple way of retrieving the pawn, so for the
time being he should focus on preventing any form of black counterplay. The
first time I was impressed by White's treatement of this structure was when I
saw the game} 17. Rab1 Qa5 {Black develops his queen on the most active square,
controlling d5.} ({The more restrained} 17... Qc7 {would allow the interesting}
18. d5 $5 cxd5 19. exd5 exd5 (19... e5 $2 20. d6 $1 Bxd6 21. Qa4 {[%csl Ga6,
Gd6]} Bb7 22. Rxb7 $1) 20. Nxd5 Nxd5 21. Rxd5 {[%cal Ge3f4] Black's c4-pawn
looks very strong now, but White's activity is overwhelming. The immediate
threat is Bf4, almost trapping the queen and winning the knight after ...Qc6
Nd4. Moreover, there are strong kingside threats.} Rcd8 (21... Rb8 22. Rxb8
Nxb8 23. Bf4 Qc8 24. Nd4 $36 g6 25. Nb5 $36 {[%csl Ga7][%cal Gb5c7,Gb5d6]} Bxb5
$2 26. Rxb5 Nd7 27. Bb7 Qd8 28. Rd5 $18 {The helplessnes of Black's pieces is
impressive.}) 22. Bf4 Qc8 23. Ng5 g6 24. Nxh7 $1 $36 Kxh7 $2 25. Rh5+ Kg7 26.
Bh6+ Kg8 27. Bd5 $18 {[%cal Gc2g6]}) 18. Bd2 Qa3 $6 {This is asking for
trouble.} ({After White has obstructed the d-file, removing the danger of
d4-d5,} 18... Qc7 {was safer. True, White would retain the initiative, partly
because of Black's wasted time in the opening.} 19. Re1 (19. Bf1 Rfd8 20. Qa4
Bb5 $1 {[%csl Ge4]}) 19... Rfd8 (19... e5 20. Qa4 Bb5 21. Nxb5 cxb5 22. Rxb5
exd4 23. Nxd4 $14) (19... Rcd8 20. Qa4 Qc8 {may be solid, but surely looks
very passive.}) (19... Nb6 20. Bf4 Qd8 21. Bf1 Re8 22. a4 $14) 20. Qa4 Bb5 21.
Nxb5 cxb5 22. Rxb5 c3 23. Bf4 Qc6 24. d5 (24. Ra5 $5 Qxa4 25. Rxa4) 24... Qc4
25. Qxc4 Rxc4 26. d6 Bf8 27. e5 Nd5 28. Bc1 {Frankly speaking, if I would get
this position with white I would think of claiming a big advantage. Engines
consider the chances about even afetr} Ra4 {but I do not really believe it.
Maybe the truth is somewhere in the middle (+/=).}) 19. Re1 $1 $146 {[%csl Ga3]
[%cal Ge1e3] This is the first move coming up to one's mind when seeing the
queen on a3.} ({True, a top level blitz game ended in a draw after} 19. g4 Rfd8
20. g5 Ne8 21. Bc1 Qa5 22. Bd2 Qa3 23. Bc1 Qa5 24. Bd2 Qa3 25. Bc1 {Anand,V 
(2788)-Leko,P (2752) Moscow 2009 ½-½}) 19... Nb6 {Black prepares a queen
sacrifice without anticipating White's 21st move.} ({But there was no way out
of trouble anyway:} 19... Rb8 20. Re3 Qa5 (20... Rxb1+ 21. Nxb1 Qd6 22. e5 $18)
21. e5 $14 {The knight has to retreat on a passive square for if} Nd5 $1 22.
Nxd5 Qxd5 23. Ng5 {[%csl Gd5,Gh7] wins the queen.}) 20. Re3 Rb8 ({
Consolidating the b6-knight with} 20... Nfd7 {would more or less forced White
to accept the sacrifice, but with the knight far from the kingside this would
have been promising:} 21. Nd5 cxd5 22. Rxa3 Bxa3 23. exd5 exd5 24. Ng5 $36) 21.
Rxb6 $5 {Not the only good move, but the most technical.} (21. e5 Nfd7 22. Nd5
cxd5 23. Rxa3 Bxa3 24. Ng5 g6 25. h4 $40) (21. Nd5 cxd5 22. Rxa3 Bxa3 23. exd5
(23. e5 $6 Ne4) 23... Nfxd5 (23... Nbxd5 $2 24. Rxb8 Rxb8 25. Qa4 $18 {[%csl
Ga3,Ga6]}) 24. Ne5 $14 {Optically, Black is doing fine, due to his c-pawn and
the stable knights, but things are not so simple.} Rfc8 25. Bxd5 exd5 (25...
Nxd5 26. Rxb8 Rxb8 27. Qa4 $18 {[%csl Ga3,Ga6]}) 26. Ba5 {[%csl Ra3,Ra6][%cal
Ga5b6]} f6 (26... Bf8 27. Bxb6 axb6 28. Qa4 Bb7 29. Qd7 f6 30. Qe6+ $18) 27.
Ng4 Bf8 28. Bxb6 axb6 29. Qa4 Bb7 30. Rxb6 c3 31. Ne3 $18) 21... Rxb6 ({
One important point is that after} 21... axb6 22. e5 $1 Nd7 23. Nb1 $18 {
the queen does not have the a4-square for retreating.}) 22. Na4 {Not all the
kngihts are bad on the edge of the board. It is esential to control the
b2-square to try trapping the queen.} (22. Nd1 $2 {does not achieve the same
due to} c3 $1 23. Rxc3 Qb4 $17) 22... Rb1+ $5 ({But now} 22... c3 {does not
work so well, since White has} 23. Nxb6 Qb2 (23... axb6 24. Rxc3 Qb4 25. Rxc6
$16) 24. Rxc3 Qxc2 25. Rxc2 axb6 26. Ne5 c5 27. Nc6 Bd8 28. dxc5 bxc5 29. Rxc5
$16) 23. Kh2 (23. Qxb1 $2 Qxa4 $15) 23... c3 $8 24. Rxc3 Qb4 25. Rxc6 Qb5 {
Black ha smanaged to retain an extra exchange out of the complications, but
his pieces are hanging.} (25... Bd3 26. Qxd3 Qxa4 27. Rc7 Bd8 28. Rxf7 Rxf7 29.
Qxb1 $16) 26. Ne5 $1 {[%csl Rb1,Gc6][%cal Ga4c3] Defending the rook in order
to threaten the deadly Nc3.} Ra1 {The rook does not have much space left.} 27.
Bc3 Rf1 (27... Rb1 {allows White improving the knight's placement with gain of
time:} 28. Nb2 $1 Ra1 29. Nbd3 Rb1 30. Rxa6 $18 {This did not work before the
manoeuvre, since the knight was hanging on a4.}) 28. Nb2 (28. Bxf1 Qxf1 $44 {
[%csl Ge4,Gh2]}) ({The engines' favourite is} 28. f3 {with the diea} Rd8 29.
Bxf1 Qxf1 30. Qg2 Qb5 31. Nc5 {with a sound extra pawn and a stable position.
Giri's move is more natural, but offers Black some chances for surviving.})
28... Qb7 $2 {Which Grischuk, in his usual time trouble, misses.} (28... Qe2
29. Qxe2 Bxe2 30. Bxf1 Bxf1 31. f3 Bb5 32. Rc7 Bd6 33. Rxa7 Rc8 34. Rb7 Be2 35.
Rb3 {White has two extra pawns and a stable queenside and centre, but his
b2-knight is a bit passive and the kingside is weak. Black could generate
counterplay with} Nh5 $5 {[%csl Rg3][%cal Gf7f6] complicating White's
technical task.}) 29. Rxa6 $1 {The second exchange sacrifice is decisive.} Qxa6
30. Nbc4 $18 {A fantastic position: the rook is simply trapped.} Nxe4 {
Desperation.} 31. Bxe4 Rb8 (31... g6 32. Bg2 {renews the trapping issue.}) 32.
Bxh7+ Kf8 33. Qe2 Rc1 34. Qh5 1-0

[Event "Morelia/Linares 24th"]
[Site "Morelia/Linares"]
[Date "2007.03.10"]
[Round "14"]
[White "Leko, Peter"]
[Black "Carlsen, Magnus"]
[Result "1-0"]
[WhiteElo "2749"]
[BlackElo "2690"]
[Annotator "Marin,M"]
[PlyCount "105"]
[EventDate "2007.02.17"]
[EventType "tourn"]
[EventRounds "14"]
[EventCountry "ESP"]
[EventCategory "20"]
[SourceTitle "CBM 117"]
[Source "ChessBase"]
[SourceDate "2007.03.30"]
[SourceVersion "1"]
[SourceVersionDate "2007.03.30"]
[SourceQuality "1"]

1. d4 Nf6 2. Nf3 e6 3. c4 b6 4. g3 Bb4+ 5. Bd2 Bxd2+ 6. Qxd2 Ba6 7. b3 {
This combination between ...Ba6 and ...Bb4+ is not very popular nowadays.} O-O
({Recently, there have been a couple of games with the rather ambitious
continuation} 7... c5 8. Bg2 d5 9. Nc3 Nc6 10. cxd5 exd5 11. O-O O-O 12. dxc5
bxc5 {(This position can be reached via several move orders, of course). The
placement of the knight on c6 is slightly unusual for positions with hanging
pawns (...Na6 or ...Nbd7 are more popular ways of developing this knight), but
here it seems to make sense because of Black's general activity.} 13. Rfd1 (13.
Rfe1 Re8 14. Nh4 Qa5 15. Rad1 Rad8 16. Nf5 $6 (16. Nxd5 Qxd2 17. Rxd2 Nxd5 18.
Rxd5 Rxd5 19. Bxd5 Nb4 $132 {[%csl Ya2,Ye2]}) 16... Re5 $132 17. Nxd5 $2 Qxd2
18. Rxd2 Nxd5 {0-1 Zubarev,A (2074)-Kengis,E (2589)/Polanica Zdroj 2000/EXT
2001}) (13. Nh4 Rc8 14. Rac1 Re8 15. Rfe1 d4 16. Na4 c4 17. bxc4 Ne5 18. Nb2 (
18. c5 d3 $132 19. e3 $2 Nc4 $17) 18... Nxc4 19. Nxc4 Rxc4 20. Rxc4 Bxc4 21.
Nf5 d3 22. Ne3 Bb5 23. exd3 Qxd3 $11 {Gyimesi,Z (2614)-Pelletier,Y (2570)/
Turin 2006/CBM 113 (1/2-1/2, 34)}) 13... d4 (13... Re8 $5) 14. Na4 Re8 (14...
Ne4 $5 15. Qc2 Re8 16. Nxc5 $6 Nb4 $1 {[%csl Gc5]}) 15. Nxc5 Bxe2 16. Nxd4 $1
Nxd4 17. Bxa8 Bxd1 18. Rxd1 Re2 19. Qd3 Qxa8 20. Qxd4 $16 {Kempinski,R (2619)
-Kengis,E (2528)/Hamburg 2005/CBM 108 ext (1-0, 40)}) 8. Nc3 d5 9. cxd5 exd5
10. Bg2 Re8 11. Ne5 c5 12. O-O Bb7 13. Rfd1 Na6 (13... Qe7 {CBM 36-5.b3 Bb4 6.
Bd2 Bd2 7.Qd2/Opening 1993/CBM 036/[Dautov]}) 14. Qf4 Nc7 $6 $146 {Black must
have been just too happy to threaten ...Ne6 with gain of tempo, probably
overloking White's answer.} (14... Qc7 15. Nb5 $5 (15. Nc4 Rad8 16. Ne3 (16.
Qxc7 Nxc7 17. dxc5 bxc5 18. Na5 Ba8 19. Na4 Rxe2 20. Nxc5 $14 {van der Wiel})
16... Qxf4 17. gxf4 Nc7 $13 {Tukmakov,V (2590)-Van der Wiel,J (2540)/Rotterdam
1988/CBM 009 (1/2-1/2, 36)}) 15... Qe7 16. e3 (16. Ng4 Nxg4 17. Qxg4 Qxe2 18.
Qxe2 Rxe2 19. Nd6 Bc6 20. Bf1 Re6 21. Nxf7 $1 $14 {Van der Wiel. Maybe too
optimistic?!}) 16... Rec8 17. Bh3 Rd8 18. Rac1 Nb4 19. a4 $6 (19. Nc3 $14)
19... a6 20. Nc3 {Rovchakov,V-Arzumanyan,S/RUS corr 1991/Corr Nr. 1 (0-1, 34)}
a5 $5 $13) 15. Ng4 $1 Nxg4 16. Qxg4 {White has obtained strong pressure
against Black's hanging pawns. The exchange of two pairs of minor pieces
favours him, by restricting Black's possibilities of counterplay in the centre.
} Qf6 17. e3 Rad8 18. Rac1 Qe7 19. dxc5 bxc5 20. Qa4 Rd7 $5 ({An indirect way
of defending the a7-pawn. However, placing the rook on d7 has a major drawback,
as shown by Leko's next move.} 20... a6 21. Qa5 {, threatening Na4 would not
have been much fun either.}) 21. Ne4 $1 ({Black would have obtained certain
counterplay after} 21. Qxa7 Ne6 {, with the threat of d4.}) 21... d4 ({Black
could not defend his centre anymore.} 21... Ne6 {loses the c5-pawn to} 22. Nxc5
$1 Nxc5 23. Rxc5) ({while} 21... c4 {drops an exchange to} 22. Nc5 $1) 22. exd4
Bxe4 23. Bxe4 {Since the d7-roo is hanging, White just won a pawn.} Ne6 24. d5
$5 {An ambitious move.} ({Leko might have feared that after} 24. dxc5 Rxd1+ 25.
Rxd1 Nxc5 26. Qa3 $1 $16 {his winning chances would not be 100% sure. In case
of 26...Qxe4 27.Qxc5. Of course,} Nxe4 $4 {is impossible because of} 27. Qxe7
Rxe7 28. Rd8+) 24... Nd4 {Black's counterplay should not be underestimated.
The knight is very well placed, while the white queen is somewhat isolated
from the rest of the army (notably, the king).} 25. Re1 Qd8 26. Kf1 Rde7 27.
Bd3 {White has managed to avoid the knight forks on e2 and f3 and get out of
the pin. However, Black has not exhausted his resources.} Qc8 28. g4 $3 ({
This paradoxical move is the only way to prevent the deadly check on h3. Black
cannot capture the pawn because of Qxe8!+ followed by mate; a curious way of
coordinating White's queen with the other pieces. There was no time for the
intermediate} 28. Rxe7 {because of} Qh3+ {when the king's return to g1 would
be met by ...Nf3+ followed by mate, forcing him to go to the centre} 29. Ke1
Rxe7+ {with a powerful attack for Black.}) 28... Rxe1+ 29. Rxe1 Rf8 30. h3 {
White has consolidates his position, maintaining his extra-pawn. However, the
technical part is quite difficult, especially beacuse of the weaknesses
induced by the move g4.} Qd8 31. Be4 Qb6 {Black should not have allowed the
infiltration of the enemy queen to d7.} 32. Bg2 g6 33. Kg1 Kg7 34. Qd7 Rd8 35.
Qe7 a5 36. Kh1 Nb5 37. Re6 Nd6 38. Qf6+ Kg8 39. Re7 {White has an extra-pawn
and a strong attack. The game is practically decided, despite the mutual time
trouble.} a4 $6 40. bxa4 $6 ({Just before the time control, Leko misses an
immediate win with} 40. Rxf7 $1) 40... c4 41. Kh2 Qb8 42. f4 Qc8 43. Re3 Re8
44. Rxe8+ Nxe8 45. Qc6 Qxc6 46. dxc6 {Black has managed to exchange the
intruders, but the ending is just as hopeless for him as the middlegame.} Kf8
47. Kg3 Ke7 48. Kf2 Kd6 49. Ke3 Kc5 50. g5 Nc7 51. a3 Ne6 52. Be4 c3 53. f5 1-0

[Event "Morelia/Linares 24th"]
[Site "Morelia/Linares"]
[Date "2007.03.06"]
[Round "11"]
[White "Morozevich, Alexander"]
[Black "Anand, Viswanathan"]
[Result "1/2-1/2"]
[WhiteElo "2741"]
[BlackElo "2779"]
[Annotator "Marin,M"]
[PlyCount "58"]
[EventDate "2007.02.17"]
[EventType "tourn"]
[EventRounds "14"]
[EventCountry "ESP"]
[EventCategory "20"]
[SourceTitle "CBM 117"]
[Source "ChessBase"]
[SourceDate "2007.03.30"]
[SourceVersion "1"]
[SourceVersionDate "2007.03.30"]
[SourceQuality "1"]

1. d4 Nf6 2. c4 e6 3. Nf3 b6 4. g3 Ba6 5. Qb3 d5 6. cxd5 Qxd5 7. Qd1 $5 ({
As expected, Morozevich takes the first chance to avoid a theoretical dispute
on the well known paths. Anand had some experience against the popular
continuation} 7. Qc2 {, although it only consisted of blitz games: against
Ivanchuk and Gelfand, at Monte Carlo in 2003}) 7... c5 ({The only game where 7.
Qd1 had been played before continued with} 7... Bb4+ 8. Bd2 Bxd2+ 9. Qxd2 Ne4
10. Qe3 Qa5+ 11. Nc3 Nxc3 12. bxc3 {and White's compact centre offered him the
more pleasant position in Tkachiev-Gaspariants, Biel 2003.}) 8. Nc3 Qd8 9. Bg2
Bb7 10. O-O Nbd7 11. Bf4 Be7 {The position is typical for the Catalan opening.
White's chances for an advantage are connected with the weakness of the light
squares from Black's queenside.} 12. dxc5 Nxc5 13. Qxd8+ ({Carried out before
Black's castling, this exchange is aimed to misplace the enemy rooks. Indeed,
the natural development would consist of Rac8 and Rfd8, occupying both open
files. The main alternative was} 13. Qc2 {but after} O-O 14. Rfd1 Qe8 {White
has no obvious way to take advantage of the temporary passive placement of the
black queen.}) 13... Rxd8 14. Ne5 Nd5 15. Nb5 ({A more natural continuation
would have been} 15. Nxd5 Bxd5 (15... exd5 {is less favourable than in the
game, because White has not given away his fianchetto-bishop.}) 16. Nc6 Bxg2
17. Kxg2 Rd7 18. b4 {eventually followed by the consolidation of the c6-knight
with b5. White would have retained a stable advantage.}) 15... f6 16. Bxd5 exd5
17. Nf3 Kf7 18. Nfd4 a6 19. Nc3 Rc8 {The absence of the white light-squared
bishop makes itself felt. The weakness of the e6-square is hardly relevant now,
while the black rook have the c8-square at their disposal (no Bh3 available),
making the fight for the c-file just even.} 20. Rfd1 Rhd8 21. f3 b5 22. a3 Bf8
23. Be3 Nd7 $1 {The knight is heading for c4, a square which has been
indirectly weakened by the advance of the white a-pawn.} 24. Nc2 Ne5 25. Bd4
Rd7 26. Kf2 Nc4 27. Ra2 Na5 28. Bb6 Nc4 29. Bd4 Na5 1/2-1/2